Subdivision centers closest to Slovenj Gradec (SI) - Statistics

General Stats
  • This quiz has been taken 10 times
  • The average score is 15 of 20
Answer Stats
Distance (km) Answer % Correct
7 68 Graz
100%
4 60 Klagenfurt
100%
6 68 Ljubljana
100%
3 44 Maribor
100%
13 104 Zagreb
100%
14 105 Čakovec
75%
1 34 Celje
75%
5 63 Kranj
75%
8 69 Krško
75%
11 85 Murska Sobota
75%
17 126 Nova Gorica
75%
10 79 Novo Mesto
75%
15 105 Postojna
75%
2 40 Trbovlje
75%
18 139 Trieste
75%
12 99 Varaždin
75%
19 140 Zalaegerszeg
75%
16 119 Karlovac
50%
9 72 Krapina
50%
20 140 Koprivnica
25%
No matching quizzes found
Score Distribution
Percent of People with Each Score
Percentile by Number Answered
Your Score History
You have not taken this quiz